000 00490nam a2200169Ia 4500
005 20250311163654.0
008 231217s9999 xx 000 0 und d
020 _a9788174466037
082 _a658 JAW;1 R
100 _aJawahar, David P ed.
245 0 _aEmerging issues in management research : center for contemporary management research
260 _c2008
_bExcel Books
_aNew Delhi
300 _aix+293
500 _aContent page available
650 _amanagement
942 _cAA
999 _c181234
_d181234